000 00432nam a2200157Ia 4500
003 GCL
008 140319s9999 xx 000 0 ara d
040 _aGCL /
_cGCL
082 0 4 _aد
_b050
100 1 _aفاروق مرشد
245 1 0 _aاسنانك وكيف تحافظ عليها ( اقرا 318 ) /
_cفاروق مرشد
300 _a143 ص
490 _aوثائق ونصوص
_v0
650 0 4 _aالاسنان
942 _2ddc
_cCF
999 _c27131
_d27131